拼音以K开头的中国城市 Chinese cities whose pinyin begins with K - Statistics

General Stats
  • This quiz has been taken 82 times
  • The average score is 9 of 15
Answer Stats
七普人口 DWUA 省份 行政类别 城市 % Correct
110 82 河南 地级市 开封
90%
38 75 新疆 县级市 喀什
87%
534 500 云南 地级市 昆明
87%
45 新疆 地级市 克拉玛依
84%
141 221 江苏 县级市 昆山
76%
49 68 新疆 县级市 库尔勒
71%
2 新疆 县级市 昆玉
65%
25 新疆 县级市 库车
55%
34 广东 县级市 开平
53%
49 贵州 县级市 凯里
52%
5 四川 县级市 康定
52%
1 新疆 县级市 可克达拉
50%
22 辽宁 县级市 开原
45%
22 新疆 县级市 奎屯
42%
20 云南 县级市 开远
40%
No matching quizzes found
Score Distribution
Percent of People with Each Score
Percentile by Number Answered
Your Score History
You have not taken this quiz